এম্পিয়ারিং / (Record no. 8111)
[ view plain ]
| 000 -LEADER | |
|---|---|
| fixed length control field | 00670nam a2200217 a 4500 |
| 001 - CONTROL NUMBER | |
| JCCL Control Number | 8111 |
| 003 - CONTROL NUMBER IDENTIFIER | |
| JCCL marc code | BD-JhCC |
| 005 - DATE AND TIME OF LATEST TRANSACTION | |
| control field | 20180218190044.0 |
| 008 - FIXED-LENGTH DATA ELEMENTS--GENERAL INFORMATION | |
| fixed length control field | 180218b1981 bg |||| ||a| 000 0 ben d |
| 035 ## - SYSTEM CONTROL NUMBER | |
| system control number | (BD-JhCC) 8111 |
| 040 ## - CATALOGING SOURCE | |
| Original cataloging agency | BD-JhCC |
| Modifying agency | BD-JhCC |
| 041 ## - LANGUAGE CODE | |
| Language code of Book | ben |
| 082 ## - DEWEY DECIMAL CLASSIFICATION NUMBER | |
| Classification number | 796.358 |
| Author mark and Year | NON 1981 |
| 100 ## - MAIN ENTRY--PERSONAL NAME | |
| Personal name | নন্দী, মতি |
| 245 ## - TITLE STATEMENT | |
| Title | এম্পিয়ারিং / |
| Statement of responsibility, etc | মতি নন্দী |
| 260 ## - PUBLICATION, DISTRIBUTION, ETC. (IMPRINT) | |
| Place of publication, distribution, etc | ঢাকা : |
| Name of publisher, distributor, etc | আনন্দ পাবলিশার্স প্রাইভেট লিমিটেড কলিকাতা ৯ |
| 300 ## - PHYSICAL DESCRIPTION | |
| Pagination | 114 p .: |
| Dimensions | 18 cm . |
| 650 ## - SUBJECT ADDED ENTRY--TOPICAL TERM | |
| Topical term or geographic name as entry element | Cricket |
| 942 ## - ADDED ENTRY ELEMENTS (KOHA) | |
| Source of classification or shelving scheme | Dewey Decimal Classification |
| Koha item type | Books |
| Source of classification or shelving scheme | Damaged status | Not for loan | Home library | Current library | Shelving location | Date of accession | Cost, normal purchase price | Total Checkouts | Full call number | Barcode | Date last seen | Copy number | Koha item type |
|---|---|---|---|---|---|---|---|---|---|---|---|---|---|
| Dewey Decimal Classification | JCC Rouf Library | JCC Rouf Library | General Stacks | 02/18/2018 | 10.00 | 796.358 NON 1981 | 10696 | 02/18/2018 | C-1 | Books |